History Quiz

Random History or Famous Quiz

Scottish, English, or Welsh? Quiz Stats

 Plays Quiz Updated Jan 24, 2015

Challenge
Share
Tweet
Embed
Score 0/20 Timer 03:00
4 Plays Today
Hint Answer % Correct
Richard the Lionheart (king)???
88.4%
Charles Darwin (naturalist)???
88.1%
William Wallace (soldier and folk hero)???
83.7%
Alexander Fleming (scientist)???
76.6%
Robert I the Bruce (king)???
72.7%
Tom Jones (singer)???
70.9%
William Blake (poet and artist)???
67%
A.J.P. Taylor (historian)???
65.5%
Anthony Hopkins (actor)???
64.3%
Thomas Hobbes (philosopher)???
59%
Hint Answer % Correct
Jackie Stewart (racing driver)???
57.8%
Andrew Carnegie (industrialist)???
53.1%
David Lloyd George (UK prime minister)???
51.1%
Adam Smith (economist)???
48.7%
David Livingstone (medical missionary)???
48.2%
Ian McKellen (actor)???
44.8%
Rod Stewart (singer)???
36%
Kenneth Grahame (writer)???
33.2%
Henry Morton Stanley (explorer)???
25.7%
T. E. Lawrence (soldier, 'Lawrence of Arabia')???
21%

You're not logged in!

Compare scores with friends on all Sporcle quizzes.
Join for Free
OR
Log In

You Might Also Like...

Show Comments

Extras

Top Quizzes Today


Score Distribution

Your Account Isn't Verified!

In order to create a playlist on Sporcle, you need to verify the email address you used during registration. Go to your Sporcle Settings to finish the process.

Report this User

Report this user for behavior that violates our Community Guidelines.

Details: